Poesías selectas / (Record no. 162477)
[ view plain ]
| 000 -LEADER | |
|---|---|
| campo de control de longitud fija | 00976nam a2200253 i 4500 |
| 001 - NÚMERO DE CONTROL | |
| campo de control | 162477 |
| 003 - IDENTIFICADOR DE NÚMERO DE CONTROL | |
| campo de control | ES-MaACL |
| 005 - FECHA Y HORA DE LA ÚLTIMA TRANSACCIÓN | |
| campo de control | 20230906212533.0 |
| 008 - DATOS DE LONGITUD FIJA--INFORMACIÓN GENERAL | |
| campo de control de longitud fija | 940301s1888 sp af |||| | spa d |
| 040 ## - FUENTE DE CATALOGACIÓN | |
| Centro catalogador/agencia de origen | AS |
| Lengua de catalogación | spa |
| 100 1# - ENTRADA PRINCIPAL--NOMBRE DE PERSONA | |
| Nombre de persona | Posada, José María. |
| 9 (RLIN) | 131302 |
| 245 10 - MENCIÓN DEL TÍTULO | |
| Título | Poesías selectas / |
| Mención de responsabilidad, etc. | José María Posada. |
| 260 ## - PUBLICACIÓN, DISTRIBUCIÓN, ETC. | |
| Lugar de publicación, distribución, etc. | La Coruña : |
| Nombre del editor, distribuidor, etc. | Andrés Martinez, |
| Fecha de publicación, distribución, etc. | 1888 ( |
| Fabricante | La Comercial, Estab. Tip. de la Papelería de Ferrer) |
| 300 ## - DESCRIPCIÓN FÍSICA | |
| Extensión | 250 p., [1] h. de lám. : |
| Otras características físicas | il. ; |
| Dimensiones | 20 cm. |
| 490 1# - MENCIÓN DE SERIE | |
| Mención de serie | Biblioteca gallega ; |
| Designación de volumen o secuencia | 16 |
| 546 ## - NOTA DE IDIOMA | |
| Nota de lengua/lenguaje | Texto en gallego y castellano. |
| 599 ## - NOTA A LAS ILUSTRACIONES | |
| NOTA A LAS ILUSTRACIONES | La h. de lám. antes de port. es un fotograb. de "Mecachis", retr. del autor. |
| 599 ## - NOTA A LAS ILUSTRACIONES | |
| NOTA A LAS ILUSTRACIONES | Mecachis es seud. del caricaturista y escritor Eduardo Sáenz Hermúa. |
| 700 1# - ENTRADA AGREGADA--NOMBRE PERSONAL | |
| Nombre de persona | Sáenz Hermúa, Eduardo, |
| Fechas asociadas al nombre | 1859-1898 |
| 9 (RLIN) | 161682 |
| 752 ## - ENTRADA AGREGADA--NOMBRE JERÁRQUICO DEL LUGAR | |
| País o entidad superior | España - |
| Ciudad | , La Coruña |
| 830 0# - PUNTO DE ACCESO ADICIONAL DE SERIE-TÍTULO UNIFORME | |
| Título uniforme | Biblioteca gallega ; |
| Designación de volumen o secuencia | 16 |
| 9 (RLIN) | 180864 |
| 852 ## - LOCALIZACIÓN | |
| Ubicación | ES-MaACL |
| Número de control de estantería | G-9212 |
| Nota libre | - Enc. pasta |
| Estatus retirado | Estado de pérdida | Estado de daño | No para préstamo | Colección | Biblioteca de origen | Biblioteca actual | Ubicación en estantería | Fecha de adquisición | Fuente de adquisición | Total de préstamos | Signatura topográfica completa | Código de barras | Visto por última vez | Precio de reemplazo | Tipo de ítem Koha |
|---|---|---|---|---|---|---|---|---|---|---|---|---|---|---|---|
| Libros del s. XIX | Biblioteca del Ateneo de Madrid | Biblioteca del Ateneo de Madrid | Sala Pecera Planta 3 | 17/01/2008 | G-9212 | 1170215 | 23/02/2023 | 23/02/2023 | Libro impreso antiguo |
